Vista normal Vista MARC

Entrada Topical Term

Número de registros utilizados en: 1

001 - CONTROL NUMBER

  • control field: 4355

003 - CONTROL NUMBER IDENTIFIER

  • control field: OSt

005 - DATE AND TIME OF LATEST TRANSACTION

  • control field: 20200514130904.0

008 - FIXED-LENGTH DATA ELEMENTS

  • fixed length control field: 200514|| aca||aabn | a|a d

040 ## - CATALOGING SOURCE

  • Original cataloging agency: OSt
  • Transcribing agency: OSt

150 ## - HEADING--TOPICAL TERM

  • Topical term or geographic name entry element: Urbanismo

670 ## - SOURCE DATA FOUND

  • Source citation: Work cat.: (OSt)3656: Samad, Taimur, editor 4352, Colombia urbanization review : , 2012